000 00631nam a2200277Ia 4500
005 20260324142354.0
008 008 260324s9999 xx 000 0 eng d
020 _a9780203976890
037 _aEBOOK
040 _aCRL
040 _beng
040 _cCRL
041 _2eng
041 _aeng
084 _qCRL
100 _aGeorge Hewitt
_91188310
245 0 _aGeorgian: A Learner's Grammar
260 _bTaylor and Francis
260 _c1995
365 _a
365 _b220
856 _uhttp://www.taylorfrancis.com/books/9780203976890
942 _cEBOOK
999 _c1815813
_d1815813